| 000 | 00763nam a2200229 i 4500 | ||
|---|---|---|---|
| 001 | 149337 | ||
| 003 | ES-MaACL | ||
| 005 | 20240524063002.0 | ||
| 007 | t| | ||
| 008 | 071019s1980 sp ||||1| spa d | ||
| 100 | 1 |
_aVaptsarov, Nikola. _9113089 |
|
| 245 | 1 | 0 |
_aAntología mínima / _cNicola Yonkov Vaptsarov ; [traducción José Martínez Matos y Pedro de Oraá]. |
| 260 |
_aMadrid : _b[Comité de Cultura de Bulgaria], _c1980. |
||
| 300 |
_a42 p. : _bretr. ; _c17 cm. |
||
| 490 | 1 |
_aAcuario ; _v1 |
|
| 700 | 1 |
_aMartínez Matos, José. _978221 |
|
| 700 | 1 |
_aOráa, Pedro de, _d1931- _9152808 |
|
| 830 | 0 | 0 |
_aAcuario (Editorial Andrómeda) ; _v1 _9236552 |
| 852 |
_aES-MaACL _j2114-F-3 _bR.99899 |
||
| 942 | _2udc | ||
| 999 |
_c149337 _d149337 |
||